Powiaty graniczne Polski - nagła śmierć - Statystyki

Ogólne statystyki
  • Ten quiz został rozwiązany 143 razy
  • Średni wynik to 6 z 32
Answers on the Grid
Answers color-coded by a green-red scale on the quiz's grid according to % correct below.
Augustowski
Bartoszycki
Bielski
Bieszczadzki
Braniewski
Chełmski
Cieszyński
Elbląski
Gdański
Głubczycki
Gołdapski
Hajnowski
Hrubieszowski
Jastrzębie-Zdrój
Kamieński
Karkonoski
Kłodzki
Koszaliński
Krapkowicki
Krośnieński
Leski
Łomżyński
Lwówecki
Nowodworski
Nowosądecki
Nowotarski
Nyski
Olecki
Olsztyński
Parczewski
Policki
Przemyski
Przeworski
Pucki
Pyrzycki
Rybnik
Sanocki
Sejneński
Siemiatycki
Słubicki
Suwalski
Świdnicki
Szczecin
Tarnowski
Tatrzański
Tomaszowski
Włodawski
Wodzisławski
Żagański
Zamojski
Zgorzelecki
Zielonogórski
 
Statystyki odpowiedzi
Odpowiedź % Poprawnych
Augustowski
57%
Bartoszycki
48%
Bieszczadzki
47%
Chełmski
33%
Hrubieszowski
30%
Braniewski
28%
Cieszyński
28%
Słubicki
25%
Karkonoski
23%
Hajnowski
22%
Kłodzki
22%
Gołdapski
20%
Policki
20%
Tatrzański
20%
Zgorzelecki
20%
Leski
15%
Przemyski
15%
Suwalski
15%
Sejneński
13%
Jastrzębie-Zdrój
12%
Krośnieński
12%
Nowosądecki
12%
Nowotarski
12%
Nyski
12%
Głubczycki
10%
Sanocki
10%
Włodawski
8%
Wodzisławski
8%
Lwówecki
7%
Siemiatycki
5%
Nowodworski
3%
Tomaszowski
3%
Nie znaleziono quizów pasujących do podanych kryteriów
Rozkład punktacji
Procent ludzi z każdym wynikiem
Percentyl według liczby udzielonych odpowiedzi
Twoja historia wyników
Nie rozwiązałeś tego quizu